|
|
|
|
| LEADER |
00000cam a2200000 7i4500 |
| 001 |
0000003882 |
| 005 |
20110804.0 |
| 090 |
0 |
0 |
|a R THE 634.97
|b FADZ1999
|
| 100 |
0 |
0 |
|a Fadzillah Hj Abdul Jaafar
|
| 245 |
0 |
0 |
|a Kajian awal ke atas status spesies pokok endemik di Semenanjung Malaysia
|c Fadzillah Hj Abdul Jaafar
|
| 260 |
0 |
0 |
|a Bangi :
|b Universiti Kebangsaan Malaysia ,
|c 1998
|
| 300 |
|
|
|a xvii, 254 p. :
|b .iil(maps) ;
|c 30 cm.
|
| 500 |
0 |
0 |
|a Bibliography : p. 252-254
|
| 500 |
0 |
0 |
|a Thesis: Bachelor of Science With Honours in Botany, Universiti Kebangsaan Malaysia (1999)
|
| 650 |
0 |
0 |
|a Endemic tree---Malaysia
|
| 998 |
|
|
|a JPSM
|
| 999 |
|
|
|a 006201
|b Thesis
|c Reference
|e Default branch
|